<?xml version="1.0" encoding="UTF-8"?>
<record
    xmlns:xsi="http://www.w3.org/2001/XMLSchema-instance"
    xsi:schemaLocation="http://www.loc.gov/MARC21/slim http://www.loc.gov/standards/marcxml/schema/MARC21slim.xsd"
    xmlns="http://www.loc.gov/MARC21/slim">

  <leader>00879nam a2200217Ia 4500</leader>
  <datafield tag="999" ind1=" " ind2=" ">
    <subfield code="c">35727</subfield>
    <subfield code="d">35727</subfield>
  </datafield>
  <controlfield tag="001">1602</controlfield>
  <controlfield tag="003">GE_BSU</controlfield>
  <controlfield tag="005">20200120104108.0</controlfield>
  <controlfield tag="008">181216s2002||||   |||||||||||||| ||geo||</controlfield>
  <datafield tag="020" ind1=" " ind2=" ">
    <subfield code="a">9992818263</subfield>
  </datafield>
  <datafield tag="041" ind1=" " ind2=" ">
    <subfield code="a">geo</subfield>
  </datafield>
  <datafield tag="080" ind1=" " ind2=" ">
    <subfield code="a">658.56(075.8)  &#x10D6;&#x2013;44</subfield>
  </datafield>
  <datafield tag="100" ind1=" " ind2=" ">
    <subfield code="a">&#x10D6;&#x10D4;&#x10D3;&#x10D2;&#x10D4;&#x10DC;&#x10D8;&#x10EB;&#x10D4;,&#x10D8;. </subfield>
    <subfield code="9">6230</subfield>
  </datafield>
  <datafield tag="245" ind1=" " ind2=" ">
    <subfield code="a">&#x10EE;&#x10D0;&#x10E0;&#x10D8;&#x10E1;&#x10EE;&#x10D8;&#x10E1; &#x10DB;&#x10D4;&#x10DC;&#x10D4;&#x10EF;&#x10DB;&#x10D4;&#x10DC;&#x10E2;&#x10D8; :</subfield>
    <subfield code="b">&#x10E1;&#x10D0;&#x10EE;&#x10D4;&#x10DA;&#x10DB;&#x10EB;&#x10E6;&#x10D5;.   /</subfield>
    <subfield code="c">&#x10D8;. &#x10D6;&#x10D4;&#x10D3;&#x10D2;&#x10D4;&#x10DC;&#x10D8;&#x10EB;&#x10D4; ; &#x10DB;.&#x10D1;&#x10D0;&#x10DA;&#x10D8;&#x10D0;&#x10E8;&#x10D5;&#x10D8;&#x10DA;&#x10D8; ;  &#x10E8;. &#x10EF;&#x10D0;&#x10E4;&#x10D0;&#x10E0;&#x10D8;&#x10EB;&#x10D4;.</subfield>
  </datafield>
  <datafield tag="264" ind1=" " ind2=" ">
    <subfield code="a">&#x10D7;&#x10D1;&#x10D8;&#x10DA;&#x10D8;&#x10E1;&#x10D8; :</subfield>
    <subfield code="b">&#x10D8;&#x10DC;&#x10E4;&#x10DD;&#x10E0;&#x10DB;&#x10D0;&#x10EA;&#x10D8;&#x10D8;&#x10E1; &#x10EA;&#x10D4;&#x10DC;&#x10E2;&#x10E0;&#x10D8;,</subfield>
    <subfield code="c">2002.</subfield>
  </datafield>
  <datafield tag="300" ind1=" " ind2=" ">
    <subfield code="a">387 &#x10D2;&#x10D5; .:</subfield>
    <subfield code="c">19 &#x10E1;&#x10DB;.</subfield>
  </datafield>
  <datafield tag="653" ind1=" " ind2=" ">
    <subfield code="a">&#x10EE;&#x10D0;&#x10E0;&#x10D8;&#x10E1;&#x10EE;&#x10D8;&#x10E1;  &#x10DB;&#x10D4;&#x10DC;&#x10D4;&#x10EF;&#x10DB;&#x10D4;&#x10DC;&#x10E2;&#x10D8;</subfield>
  </datafield>
  <datafield tag="700" ind1=" " ind2=" ">
    <subfield code="a">&#x10D1;&#x10D0;&#x10DA;&#x10D8;&#x10D0;&#x10E8;&#x10D5;&#x10D8;&#x10DA;&#x10D8;,&#x10DB;.</subfield>
    <subfield code="9">6231</subfield>
  </datafield>
  <datafield tag="700" ind1=" " ind2=" ">
    <subfield code="a">&#x10EF;&#x10D0;&#x10E4;&#x10D0;&#x10E0;&#x10D8;&#x10EB;&#x10D4;,&#x10E8;</subfield>
    <subfield code="9">6232</subfield>
  </datafield>
  <datafield tag="942" ind1=" " ind2=" ">
    <subfield code="c">BK</subfield>
    <subfield code="2">udc</subfield>
  </datafield>
  <datafield tag="952" ind1=" " ind2=" ">
    <subfield code="0">0</subfield>
    <subfield code="1">0</subfield>
    <subfield code="2">udc</subfield>
    <subfield code="4">0</subfield>
    <subfield code="6">658560758_&#x10D6;44</subfield>
    <subfield code="7">0</subfield>
    <subfield code="9">34229</subfield>
    <subfield code="a">CPL</subfield>
    <subfield code="b">SPL</subfield>
    <subfield code="c">GEN</subfield>
    <subfield code="d">2018-12-17</subfield>
    <subfield code="g">12.00</subfield>
    <subfield code="o">658.56(075.8)  &#x10D6;&#x2013;44</subfield>
    <subfield code="p">3014</subfield>
    <subfield code="r">2018-12-17</subfield>
    <subfield code="t">3014</subfield>
    <subfield code="w">2018-12-17</subfield>
    <subfield code="y">BK</subfield>
    <subfield code="z">12.00</subfield>
  </datafield>
</record>
